[Event "Mar del Plata op 30th"]
[Site "Mar del Plata"]
[Date "1999.03.28"]
[Round "2"]
[White "Sola, Ruben"]
[Black "Rodriguez Vila, Andres"]
[Result "0-1"]
[WhiteElo "2265"]
[BlackElo "2500"]
[PlyCount "65"]
[EventDate "1999.03.??"]
[EventType "team"]
[EventRounds "9"]
[EventCountry "ARG"]
[SourceTitle "EXT 2000"]
[Source "ChessBase"]
[SourceDate "1999.11.16"]
[SourceVersion "1"]
[SourceVersionDate "1999.11.16"]
[SourceQuality "1"]

1. Nf3 d6 2. d4 f5 3. Nc3 Nf6 4. Bg5 Nbd7 5. d5 c5 6. e3 Qb6 7. Rb1 g6 8. Be2
Bg7 9. O-O O-O 10. h3 a6 11. Bf4 Qa5 12. a4 Nb6 13. Ra1 Ne4 14. Nxe4 fxe4 15.
Nd2 Bxb2 16. Ra2 Bg7 17. c4 Bd7 18. Qc2 Nxa4 19. Qxe4 Qd8 20. Qd3 b5 21. Bg4
Bxg4 22. hxg4 Nc3 23. Rc2 b4 24. Bg3 Qd7 25. f3 a5 26. e4 Bd4+ 27. Bf2 a4 28.
Bxd4 cxd4 29. Re1 Qa7 30. e5 dxe5 31. Rb2 b3 32. Ne4 Rab8 33. Rf2 0-1

[Event "Mar del Plata op 30th"]
[Site "Mar del Plata"]
[Date "1999.03.30"]
[Round "4"]
[White "Mondaca, Omar"]
[Black "Rodriguez Vila, Andres"]
[Result "0-1"]
[WhiteElo "2180"]
[BlackElo "2500"]
[PlyCount "104"]
[EventDate "1999.03.??"]
[EventType "team"]
[EventRounds "9"]
[EventCountry "ARG"]
[SourceTitle "EXT 2000"]
[Source "ChessBase"]
[SourceDate "1999.11.16"]
[SourceVersion "1"]
[SourceVersionDate "1999.11.16"]
[SourceQuality "1"]

1. d4 f5 2. Bg5 c5 3. d5 Qb6 4. Nc3 g6 5. Rb1 Bg7 6. Bd2 Nf6 7. Nf3 O-O 8. g3
d6 9. Bg2 Na6 10. Na4 Qd8 11. c4 Nc7 12. Nc3 Rb8 13. a4 b6 14. O-O Bd7 15. Qc1
a6 16. Bh6 Bxh6 17. Qxh6 b5 18. axb5 axb5 19. b3 Ra8 20. Rb2 Qb8 21. Rfb1 Qb6
22. h3 Ra3 23. Qc1 b4 24. Nd1 Nce8 25. Ra1 Ne4 26. Rba2 Rxa2 27. Rxa2 N8f6 28.
Qa1 Rb8 29. Ra6 Qd8 30. Qa5 Qf8 31. Ra7 Qc8 32. Qa6 Qd8 33. Qa5 Qe8 34. e3 g5
35. Qa2 Qg6 36. Nd2 Nc3 37. Qc2 Nxd1 38. Qxd1 f4 39. Qb1 Qxb1+ 40. Nxb1 fxe3
41. fxe3 Kf8 42. Nd2 Bc8 43. Ne4 Nxe4 44. Bxe4 Bxh3 45. Bxh7 Kf7 46. Ra2 Bg4
47. Rf2+ Kg7 48. Bd3 Bd1 49. Bc2 Bxc2 50. Rxc2 Ra8 51. g4 Ra1+ 52. Kg2 Rb1 0-1

[Event "Mar del Plata op 30th"]
[Site "Mar del Plata"]
[Date "1999.04.01"]
[Round "6"]
[White "Leskovar, Mario Leopoldo"]
[Black "Rodriguez Vila, Andres"]
[Result "1/2-1/2"]
[WhiteElo "2395"]
[BlackElo "2500"]
[PlyCount "81"]
[EventDate "1999.03.??"]
[EventType "team"]
[EventRounds "9"]
[EventCountry "ARG"]
[SourceTitle "EXT 2000"]
[Source "ChessBase"]
[SourceDate "1999.11.16"]
[SourceVersion "1"]
[SourceVersionDate "1999.11.16"]
[SourceQuality "1"]

1. e4 e6 2. d4 d5 3. Nc3 Bb4 4. Nge2 Nc6 5. a3 Ba5 6. Qd3 dxe4 7. Qxe4 Nf6 8.
Qh4 Ne7 9. Bg5 Nf5 10. Bxf6 gxf6 11. Qf4 Bd7 12. O-O-O Qe7 13. Ne4 O-O-O 14.
N2g3 Nxg3 15. hxg3 f5 16. Qg5 Qf8 17. Nf6 h6 18. Qf4 c6 19. Be2 Bc7 20. Qe3 Kb8
21. Kb1 Bc8 22. Bf3 Bd6 23. Rd3 Qe7 24. Nh5 c5 25. c3 Qc7 26. Rhd1 Qb6 27. Ka1
c4 28. R3d2 Bd7 29. Rh1 Bb5 30. Nf4 Qc7 31. Ne2 Be7 32. Nf4 Qd6 33. Re1 a6 34.
Bh5 Be8 35. Bf3 Bg5 36. Qe5 Qxe5 37. Rxe5 Bf6 38. Re1 e5 39. Ne2 Bg5 40. Rdd1
e4 41. Bh5 1/2-1/2

[Event "Mar del Plata op 30th"]
[Site "Mar del Plata"]
[Date "1999.04.02"]
[Round "7"]
[White "Rodriguez Vila, Andres"]
[Black "Van Riemsdijk, Herman Claudius"]
[Result "1/2-1/2"]
[WhiteElo "2500"]
[BlackElo "2418"]
[PlyCount "113"]
[EventDate "1999.03.??"]
[EventType "team"]
[EventRounds "9"]
[EventCountry "ARG"]
[SourceTitle "EXT 2000"]
[Source "ChessBase"]
[SourceDate "1999.11.16"]
[SourceVersion "1"]
[SourceVersionDate "1999.11.16"]
[SourceQuality "1"]

1. b3 e5 2. Bb2 Nc6 3. e3 d6 4. d4 exd4 5. exd4 d5 6. Nf3 Bg4 7. Be2 Qd7 8.
Nbd2 f6 9. O-O Nge7 10. Re1 Be6 11. c4 g6 12. Bd3 Bg7 13. Qe2 Kf7 14. cxd5 Bxd5
15. Ne4 Rhe8 16. Nc5 Qc8 17. Bc4 Na5 18. Qxe7+ Rxe7 19. Bxd5+ Ke8 20. Rxe7+
Kxe7 21. Ba3 Kd6 22. Be4 b6 23. Nb7+ Kd7 24. Nxa5 bxa5 25. Rc1 c6 26. d5 cxd5
27. Rxc8 Rxc8 28. Bxd5 Bf8 29. Nd4 Bxa3 30. Be6+ Kd8 31. Bxc8 Kxc8 32. Nc6 Bb4
33. Nxa7+ Kb7 34. Nb5 Kc6 35. Nd4+ Kd5 36. Nc2 Ke4 37. Kf1 Kd3 38. Ne3 Kc3 39.
Ke2 Kb2 40. Kd3 Kxa2 41. Kc4 Bd6 42. h3 f5 43. Nd5 Be5 44. f4 Bd6 45. g3 Kb2
46. Nf6 h6 47. h4 Bb4 48. g4 fxg4 49. Nxg4 Be1 50. Nxh6 Bxh4 51. Ng4 Ka3 52.
Ne5 a4 53. bxa4 Kxa4 54. Nxg6 Bf6 55. f5 Bg7 56. Kd5 Kb3 57. Nf4 1/2-1/2

[Event "Mar del Plata op 30th"]
[Site "Mar del Plata"]
[Date "1999.04.04"]
[Round "9"]
[White "Rodriguez Vila, Andres"]
[Black "Felgaer, Ruben Alejandro"]
[Result "1-0"]
[WhiteElo "2500"]
[BlackElo "2364"]
[PlyCount "91"]
[EventDate "1999.03.??"]
[EventType "team"]
[EventRounds "9"]
[EventCountry "ARG"]
[SourceTitle "EXT 2000"]
[Source "ChessBase"]
[SourceDate "1999.11.16"]
[SourceVersion "1"]
[SourceVersionDate "1999.11.16"]
[SourceQuality "1"]

1. e4 c5 2. Nf3 d6 3. d4 cxd4 4. Nxd4 Nf6 5. f3 e5 6. Nb3 Be7 7. c4 O-O 8. Be3
Be6 9. Be2 Nbd7 10. Nc3 Rc8 11. Nd5 Nb6 12. Nxb6 axb6 13. Nd2 b5 14. cxb5 d5
15. Qb1 dxe4 16. fxe4 Ng4 17. Bxg4 Bxg4 18. O-O Be2 19. Rf5 Bc5 20. Bxc5 Rxc5
21. Qe1 Bg4 22. Rf2 Rxb5 23. b3 Qd4 24. h3 Bh5 25. Nc4 Rc5 26. Kh1 b5 27. Rd2
Qc3 28. Nb6 Rc6 29. Nd5 Qc5 30. b4 Qd6 31. Qh4 Qh6 32. Rf2 Rc4 33. Ne7+ Kh8 34.
Nf5 Qb6 35. Qe7 Rg8 36. Raf1 Qe6 37. Qxe6 fxe6 38. Ne7 h6 39. Nxg8 Kxg8 40. a3
Rc3 41. Rf8+ Kh7 42. Re1 Rc2 43. Kh2 Rb2 44. Re3 Rd2 45. Rb8 Be2 46. Rb7 1-0

[Event "Gobernacion Cup op"]
[Site "Monagas"]
[Date "1999.07.03"]
[Round "3"]
[White "Rohl Montes, Juan Armando"]
[Black "Rodriguez Vila, Andres"]
[Result "1/2-1/2"]
[WhiteElo "2343"]
[BlackElo "2500"]
[PlyCount "72"]
[EventDate "1999.07.02"]
[EventType "swiss"]
[EventRounds "7"]
[EventCountry "VEN"]
[SourceTitle "EXT 2002"]
[Source "ChessBase"]
[SourceDate "2001.11.25"]
[SourceVersion "1"]
[SourceVersionDate "2001.11.25"]
[SourceQuality "1"]

1. e4 c5 2. Nf3 d6 3. d4 cxd4 4. Nxd4 Nf6 5. Nc3 Nc6 6. Be2 a6 7. O-O e6 8. a4
Bd7 9. Nb3 Be7 10. a5 O-O 11. Be3 Rc8 12. f4 Nb4 13. Kh1 Bc6 14. Bd3 e5 15. Qe2
Nxd3 16. cxd3 Qd7 17. Nd2 Ng4 18. f5 Nxe3 19. Qxe3 f6 20. Nc4 Bd8 21. Qf3 Bc7
22. Ne3 Qd8 23. b4 Bb8 24. Nc4 Ba7 25. Nd5 Bxd5 26. exd5 Qd7 27. Rae1 Rfd8 28.
Re4 Qb5 29. Rh4 Rc7 30. Rb1 Bd4 31. h3 h6 32. Rg4 b6 33. axb6 Bxb6 34. Re4 a5
35. bxa5 Qxb1+ 36. Kh2 Bd4 1/2-1/2

[Event "FIDE-Wch k.o."]
[Site "Las Vegas"]
[Date "1999.08.01"]
[Round "1.2"]
[White "Rodriguez Vila, Andres"]
[Black "Asrian, Karen"]
[Result "0-1"]
[WhiteElo "2500"]
[BlackElo "2575"]
[Annotator "Lukacs,P"]
[PlyCount "136"]
[EventDate "1999.07.31"]
[EventType "k.o."]
[EventRounds "7"]
[EventCountry "USA"]
[SourceTitle "CBM 072"]
[Source "ChessBase"]
[SourceDate "1999.10.01"]
[SourceVersion "1"]
[SourceVersionDate "1999.10.01"]
[SourceQuality "1"]

1. e4 c6 2. d4 d5 3. e5 Bf5 4. Nf3 e6 5. Be2 {This is the solid Short plan to
finish development, while Black has some problems, which piece belongs to e7.}
Ne7 {Now the development of the B is not so easy, although in a closed [+]
this is not a question of life or death.} 6. O-O h6 {preparing the retreat of
the B.} 7. b3 (7. Nbd2 Nd7 (7... g5 $5 {is unexpected, but it is not easy to
counter this >> activity in the [+].} 8. c4 Bg7 9. Re1 {/\ Nf1-g3} O-O 10. Nf1
dxc4 {Black vacates the important d5 square for his N in order to blockade the
backward P on d4.} 11. Bxc4 Nd5 12. Ng3 Bg6 13. h3 Nd7 14. a3 N5b6 15. Ba2 c5
$11 {activating the N on d7, A.Grosar-Weiss, Elista olm 1998.}) 8. c3 (8. b3 {
is met by the immediate} c5) (8. Re1 Bh7 9. Nf1 c5 {If Black attacks the [+],
White usually answers by} 10. c4 {opening up the position against the
undeveloped black pieces.} dxc4 11. Ne3 cxd4 12. Nxd4 Nxe5 13. Nxc4 {White has
sacrificed a P, but Black can finish his development just in time.} N7c6 14.
Nxe5 Qxd4 15. Nxc6 Qxd1 {The _|_ cannot be really bad for Black.} 16. Rxd1 bxc6
17. Bf3 Rc8 18. Be3 c5 19. Rac1 $44 {Svidler-Dreev, Elista olm 1998}) 8... c5
9. a3 Nc6 10. b4 {This is a typical French Advance Variation plan.} cxd4 11.
cxd4 Be7 12. Re1 O-O 13. Nf1 {If White cannot continue his march on the <<,
the weaknesses can easily be attacked.} Nb6 {>< c4,a4} 14. Ne3 Bg6 15. Bb2 {
The B is not very impressive here.} Rc8 16. Rc1 Qd7 17. Qb3 a6 {/\ Na7} 18. Nd2
Na7 $1 19. f4 Qa4 $17 {And.Rodriguez-Asrian, FIDE Wch KO Las Vegas 1999}) 7...
c5 (7... Nd7 8. c4 {see Topalov-Timman, Amsterdam VSB 1996 CBM 52}) 8. Na3 $1
$146 (8. dxc5 Nec6 9. Be3 (9. Nd4 {leads to unnecessary exchanges.} Nxd4 10.
Qxd4 Nc6 11. Bb5 Bxc2 12. Bxc6+ bxc6 13. Nc3 Be7 14. Ne2 Qa5 15. b4 {1/2:1/2
Sutovskij-Finkel, ISR-chT 1996}) (9. Ba3 Nd7 10. b4 a5 $1 {blowing up White's
P chain on the <<.}) 9... Nd7 10. c4 {White wants to change the P structure,
but Black has enough time to finish his development.} dxc4 11. Bxc4 Nxc5 12.
Nc3 a6 13. Nd4 Nxd4 14. Bxd4 Be7 15. a4 O-O $11 {D.Atlas-Burovic, Dresden zt
1998}) (8. c4 dxc4 9. Bxc4 {see Mitkov-Dreev, Elista olm 1998 CBM 68}) 8...
Nec6 (8... cxd4 {gives up the tension in the [+] too early.} 9. Nxd4 $14 (9.
Nb5 $5 Nec6 10. Nfxd4)) 9. Bb2 a6 (9... cxd4 {is again premature because of}
10. Nb5 $1) 10. dxc5 $2 (10. c4 $1 {It was time to blow up the [+] when Black
cannot take back to d5 by the N.} dxc4 (10... cxd4 $6 {gives more space for
the white pieces.} 11. Nxd4 ({and not} 11. cxd5 $2 Qxd5 12. Nc4 Bc5 $17 ({
or even} 12... d3 13. Nb6 dxe2 14. Qxe2 Qd8 15. Nxa8 Bc5)) 11... Nxd4 (11...
dxc4 12. Nxf5 exf5 (12... c3 13. Bxc3 $1) 13. Nxc4 $16 {winning the ^^ in an
opened position.}) 12. Qxd4 Nc6 (12... dxc4 13. Qxd8+ Kxd8 14. Nxc4 $14 {
and the K causes some headache for Black even in the _|_.}) 13. Qf4 dxc4 (13...
Be7 14. Rfd1 Bg5 15. Qg3) 14. Nxc4 $14 {/\ Rad1 with a better development for
White.}) 11. Nxc4 cxd4 (11... b5 $2 {chases the N to a better place.} 12. Ne3
Be4 (12... Bg6 13. d5 {with a complete breakthrough in the [+].}) (12... cxd4
13. Nxf5 exf5 14. Nxd4 {and White's light-squared B has a bright future.}) 13.
Nd2 cxd4 14. Nxe4 dxe3 15. Nd6+ $1 Bxd6 16. exd6 exf2+ 17. Rxf2 $16 {with a
phantastic ^^ and a strong o^ on d6.}) 12. Nxd4 Nxd4 13. Bxd4 Nc6 (13... Nd7
14. Bf3 $16) 14. Bb6 Qxd1 15. Rfxd1 Be7 16. Bf3 $16 {with annoying pressure on
the <<.}) 10... Bxc5 11. c4 $2 {Continuing the inferior plan. Here White has
to play already carefully.} (11. h3 Qe7 $1 {against the stupid N on a3.} (11...
O-O 12. c4 $1 d4 13. Bd3) 12. Qc1 (12. Nb1 Nb4) 12... Nd7 $15) 11... d4 $1 (
11... dxc4 $6 {would have brought the awkward N to the battle.} 12. Nxc4 ({Or} 
12. Qxd8+ Kxd8 13. Nxc4 $14) 12... Qxd1 (12... O-O 13. Nd6) 13. Rfxd1 $14 {
>< d6}) 12. Bd3 Bg4 $1 $17 {attacking >< e5.} (12... Bxd3 $6 {gave White free
hand in the [+].} 13. Qxd3 Nb4 14. Qe4 N8c6 15. Rfd1 Qa5 16. Nc2 (16. Qg4 $5)
16... Nxc2 17. Qxc2 O-O 18. a3 $14) 13. Be4 {[#]} (13. Re1 Nd7) 13... Nxe5 $1 {
Black grabs the |^.} ({There was nothing wrong with} 13... O-O {either.} 14.
Re1 (14. Qe2 Nxe5) 14... Nxe5 15. Bxb7 Nxf3+ 16. Bxf3 (16. gxf3 $2 Bh3 $1)
16... Bxf3 17. Qxf3 Ra7 (17... Nd7 18. Rad1) 18. Rad1 (18. Nc2 d3 19. Rad1 Rd7)
18... Rd7 19. Qd3 (19. Qe4 Re8 (19... d3 $2 20. Bxg7 $1) 20. Rd3 (20. Nc2 $2 d3
$1) 20... Qa5) 19... Nc6) 14. Bxb7 Ra7 15. Qe2 (15. Be4 $2 f5 $1) (15. Re1 Nbd7
16. h3 Rxb7 17. hxg4 Nxg4 18. Qd3 $1 (18. Nxd4 $6 Qh4 $1) (18. Nc2 $6 d3 $1)
18... Ndf6 $1 (18... O-O $4 19. Qe4 $1) 19. Nxd4 Rd7 20. Rad1 O-O $17 {with a
nasty pin on the d <->.}) 15... Nbd7 16. h3 (16. Be4 f5) 16... d3 $1 (16...
Rxb7 $2 17. hxg4 d3 (17... Nxg4 $4 18. Qe4) 18. Qe4 $1) 17. Qd1 Bh5 {White has
still his problems with his B on b7.} 18. g4 (18. Be4 $2 {is again met by the
standard} f5 $1 19. Bxd3 Nxf3+ 20. gxf3 Qg5+ 21. Kh1 Qf4 22. Kg2 Bd6 (22... Ne5
23. Bxe5 (23. Be2 $2 Rd7 24. Bxe5 Qxe5 $19) 23... Qxe5 24. Nc2 Rd7) 23. Rh1 Ne5
(23... Be5 24. Bc1 (24. Bxe5 $2 Nxe5 25. Be2 Rd7 $19) 24... Qh4) 24. Be2 Rd7 $1
{with an irresistable ->.} (24... Bxa3 25. Bxa3 Rd7 26. Bd6 $1)) 18... Rxb7 19.
Nxe5 $2 {[#]} (19. gxh5 {was not rosy either, but this was the lesser evil.}
O-O $1 (19... Bxa3 {is not a good idea to eliminate the bad N.} 20. Bxa3 Qf6
21. Nxe5 Nxe5 22. f4) (19... Nxf3+ 20. Qxf3 Qg5+ 21. Kh1) 20. Nb1 $142 {
Sad, but true.} (20. Bxe5 Nxe5 21. Nxe5 Qg5+ 22. Ng4 f5) ({or} 20. Nxe5 Nxe5
21. Bxe5 Qg5+ 22. Kh1 Qxe5 {are completely out of question.})) 19... Qc7 $1 {
[%mdl 64] This fine intermediate move is easy to oversee.} 20. Re1 (20. Nxd7 $4
Qg3+ {This is the point!}) 20... Bg6 21. Qf3 $5 (21. Nxg6 $2 {is again met by}
Qg3+ 22. Kh1 Qxh3+ 23. Kg1 Qg3+ 24. Kh1 Bxf2 25. Nf4 Qxf4 $19) (21. Qd2 $2 Bb4
$1 (21... Bxa3 22. Nxg6 Bxb2 (22... Bb4 23. Qxd3 Bxe1 24. Rxe1 fxg6 25. Bxg7
Rg8 26. Qxg6+ Kd8 27. Qf7) 23. Qxb2 fxg6 24. Qxg7 $44) (21... Nxe5 $5 22. Bxe5
Qc6 $17) 22. Bc3 Nxe5 $1 (22... Bxa3 23. Nxg6 fxg6 24. Bxg7 Rg8 25. Qxh6) 23.
Rxe5 Qxe5 $19 {with too many pins.}) 21... d2 $1 22. Re2 Bxa3 23. Bxa3 Nxe5 24.
Qc3 f6 25. f4 Qd7 $1 26. Rd1 Qd4+ $1 {liquidating for a winning _|_.} 27. Qxd4
Nf3+ 28. Kf2 Nxd4 29. Rexd2 e5 30. Re1 Kf7 31. fxe5 Ne6 32. exf6 gxf6 33. Rd6
Ng5 34. Rxa6 Rd8 (34... Nxh3+ 35. Kg3 Ng5 36. Rxf6+ $1) 35. Bc1 Nxh3+ 36. Kg3
Ng5 $19 37. Bxg5 fxg5 (37... hxg5 $2 38. Rf1) 38. Ree6 Bb1 39. Rxh6 Re7 40.
Rhf6+ Kg7 41. Rf1 Bd3 42. Rf2 Be4 43. Ra5 Rd3+ 44. Kh2 Kh6 45. Re2 Rd4 46. Ra6+
Kg7 47. c5 Red7 48. Ra4 (48. c6 Rd2 49. Rxd2 (49. cxd7 Rxe2+ 50. Kg3 Rd2) 49...
Rxd2+ 50. Kg3 Rc2) 48... Rxa4 49. bxa4 Rd4 50. a5 Ra4 51. a6 Kf6 52. a7 Ke5 53.
Rf2 Rxa7 54. c6 Rc7 55. Rf8 Rxc6 56. a4 Rc2+ 57. Kg3 Rc3+ 58. Kf2 Ra3 59. Ke2
Rxa4 60. Rf7 Ra2+ 61. Ke3 Ra3+ 62. Kf2 Rb3 63. Rf8 Bg6 64. Rg8 Kf6 65. Ra8 Bf7
66. Rh8 Rb4 67. Kf3 Bd5+ 68. Kg3 Be6 0-1

[Event "FIDE-Wch k.o. g/25+10"]
[Site "Las Vegas"]
[Date "1999.08.02"]
[Round "1.4"]
[White "Asrian, Karen"]
[Black "Rodriguez Vila, Andres"]
[Result "1/2-1/2"]
[WhiteElo "2575"]
[BlackElo "2500"]
[Annotator "Schulz,André"]
[PlyCount "127"]
[EventDate "1999.07.31"]
[EventType "k.o. (rapid)"]
[EventRounds "6"]
[EventCountry "USA"]
[SourceTitle "CBM 072"]
[Source "ChessBase"]
[SourceDate "1999.10.01"]
[SourceVersion "1"]
[SourceVersionDate "1999.10.01"]
[SourceQuality "1"]

1. e4 c5 2. Nf3 d6 3. d4 cxd4 4. Nxd4 Nf6 5. Nc3 g6 6. Be2 Bg7 7. O-O O-O 8.
Be3 Nc6 9. Nb3 a5 10. a4 Be6 11. f4 Qc8 12. Kh1 (12. h3 Nb4 13. Nd4 Bc4 14. f5
Nd7 15. Rf2 Ne5 16. Bf3 d5 17. Nxd5 Nxd5 18. exd5 Rd8 19. b3 Nxf3+ 20. Qxf3
Bxd5 $17 {0-1 Mihaljcisin,M-Ljubojevic,L/Sarajevo 1970/EXT 98 (41)}) 12... Nb4
13. Bf3 Ng4 14. Bg1 h5 15. Nd4 Bc4 16. Re1 e5 {Das sind alles sehr klassische
Manöver.} 17. Ndb5 Rd8 $5 (17... exf4 18. Nxd6 Qc7 19. Nxc4 Qxc4 $11) (17...
Bxb5 18. axb5 (18. Nxb5 Qxc2) 18... exf4 $15) 18. h3 Nf6 19. Nxd6 Rxd6 20. Qxd6
Nxc2 21. fxe5 (21. Qxe5 Nxa1 22. Rxa1) 21... Ne8 22. Qd2 Nxa1 23. Rxa1 Bxe5 $11
24. Nd5 $6 (24. Bd4 $11) 24... Bxd5 25. exd5 Nd6 26. Qe2 Qf5 27. Re1 Re8 28.
Qd2 Kh7 29. Bc5 (29. Qxa5 $2 {verliert} Qf4 30. b3 (30. Qb6 Nf5 31. Rd1 Bc7 32.
Qa7 Ra8 $1 33. Qc5 (33. Qxa8 Ng3+ 34. Kh2 Ne4+ 35. Kh1 Nf2+ 36. Bxf2 Qh2#)
33... Ng3+ 34. Kh2 Ne4+ $19) 30... Nf5 $19) 29... Nc4 30. Qe2 Qf4 31. Bg1 Nd6 (
31... Nxb2 32. d6) 32. Qe3 Qb4 $1 {[%csl Yd2][%cal Yb4d2,Rd6f5,Rf5g3]} (32...
Qxa4 $17) 33. Qf2 Nf5 $19 34. Rxe5 Rxe5 35. g4 Nd6 ({Witzig ist} 35... hxg4 36.
hxg4 Nh4 $3 (36... Nd6 $4 37. Qh2+ $18) (36... Nh6 $19) 37. Qh2 {[%cal Rh2h4,
Rh2e5]} (37. Qxh4+ Rh5 38. gxh5 Qxh4+ $19) 37... Rg5 $1 $19 38. Z0 $140 Rxg4
39. Bxg4 Qe4+ 40. Bf3 Qxf3+ 41. Qg2 Qxg2#) 36. gxh5 gxh5 37. Qc2+ Nf5 (37...
Kg7 38. Qg2+ Kh8 $19) 38. Bh2 $1 {Schwarz muß nun sehr genau spielen, um zu
gewinnen.} (38. Bxh5 $5) 38... Qe1+ ({Einen studienartigen Gewinn konnte
Schwarz auf folgende Weise erzwingen:} 38... Kh6 $3 {[%csl Gf4][%cal Gb4f4]}
39. Qc1+ (39. Bxe5 $2 Qe1+ 40. Kh2 (40. Kg2 Ne3+ $19) 40... Qxe5+ 41. Kh1 Qe1+
42. Kh2 Qg3+ 43. Kh1 Qxf3+ $19) 39... Re3 $8 40. Bg1 Qf4 41. Bxe3 Nxe3 42. Bg2
(42. Be2 Qe4+ 43. Kg1 Qg2#) 42... Nxg2 $19) ({Weniger klar ist} 38... Re1+ 39.
Kg2 Kg7 40. Qxf5 Qxb2+ 41. Kg3 h4+ 42. Kxh4 Qxh2 43. Bh5 Qc7 44. Qg5+ $17) 39.
Kg2 Kg8 {[%cal Rf5e3]} 40. Qc8+ Kh7 (40... Re8 41. Qxf5 Qd2+ 42. Kg3 h4+ 43.
Kxh4 Qxh2 44. Qg5+ Kh7 45. Qh5+ $11) 41. Qc2 Kg7 42. Bxe5+ Qxe5 $11 43. Qc3 Nd4
44. h4 Qf4 45. Bxh5 Kh6 46. Bd1 Qe4+ 47. Bf3 Qxh4 48. Qe3+ Kg7 49. d6 Ne6 50.
d7 (50. Qc3+ $5 Kf8 51. Qxa5) 50... Qd8 (50... Kf6 51. Qc3+ Ke7 52. Qxa5 Nf4+)
51. Qe5+ Kg8 52. Qg3+ Ng7 53. Bg4 Qg5 $2 (53... b6 $142) 54. Qb8+ Kh7 55. d8=Q
Qxg4+ 56. Kf1 $2 (56. Qg3 Qe2+ 57. Kg1 $18) 56... Qf5+ 57. Ke1 Qe4+ 58. Kd1
Qxa4+ 59. Ke1 Qe4+ 60. Kd1 Qb1+ 61. Kd2 Qxb2+ 62. Kd1 Qb1+ 63. Kd2 Qb2+ 64. Kd1
1/2-1/2

[Event "Buenos Aires Intercoop 25th"]
[Site "Buenos Aires"]
[Date "1999.09.11"]
[Round "4"]
[White "Bialolenkier, Paulo"]
[Black "Rodriguez Vila, Andres"]
[Result "0-1"]
[WhiteElo "2265"]
[BlackElo "2500"]
[PlyCount "62"]
[EventDate "1999.08.??"]
[EventType "team"]
[EventRounds "6"]
[EventCountry "ARG"]
[SourceTitle "EXT 2002"]
[Source "ChessBase"]
[SourceDate "2001.11.25"]
[SourceVersion "1"]
[SourceVersionDate "2001.11.25"]
[SourceQuality "1"]

1. d4 f5 2. Nc3 d5 3. Bg5 g6 4. e3 Nh6 5. Bd3 Nf7 6. h4 Bg7 7. Nf3 O-O 8. Qd2
c6 9. O-O-O Nd7 10. Ne2 b5 11. Nf4 Nb6 12. h5 h6 13. Bxe7 Qxe7 14. Nxg6 Qf6 15.
Nxf8 Bxf8 16. Qe2 a5 17. Nh4 Ng5 18. f3 a4 19. g4 f4 20. Ng6 a3 21. b3 Bd6 22.
exf4 Bxf4+ 23. Kb1 Bd7 24. Ne7+ Kf7 25. Bg6+ Kf8 26. Nf5 c5 27. c3 Rb8 28. Rhe1
b4 29. dxc5 Na4 30. Qe7+ Qxe7 31. Rxe7 Bxf5+ 0-1

[Event "US op 100th"]
[Site "Reno"]
[Date "1999.??.??"]
[Round "?"]
[White "Rodriguez Vila, Andres"]
[Black "Finegold, Benjamin"]
[Result "0-1"]
[WhiteElo "2500"]
[BlackElo "2500"]
[PlyCount "58"]
[EventDate "1999.08.??"]
[EventType "swiss"]
[EventRounds "9"]
[EventCountry "USA"]
[SourceTitle "EXT 2003"]
[Source "ChessBase"]
[SourceDate "2002.11.25"]
[SourceVersion "1"]
[SourceVersionDate "2002.11.25"]
[SourceQuality "1"]

1. e4 c5 2. Nf3 Nc6 3. d4 cxd4 4. Nxd4 Nf6 5. Nc3 d6 6. Bc4 e6 7. Be3 Be7 8.
Qe2 a6 9. O-O-O O-O 10. Bb3 Qe8 11. Rhg1 Nd7 12. g4 Nc5 13. Kb1 Nxb3 14. axb3
b5 15. f4 Bd7 16. g5 b4 17. Na4 Nxd4 18. Bxd4 e5 19. fxe5 dxe5 20. Bxe5 Bxa4
21. bxa4 Bc5 22. Bd4 Bxd4 23. Rxd4 Qxa4 24. e5 a5 25. e6 Qc6 26. e7 Rfe8 27.
Re1 b3 28. cxb3 Qg6+ 29. Qe4 Rxe7 0-1

[Event "US op 100th"]
[Site "Reno"]
[Date "1999.??.??"]
[Round "?"]
[White "Serper, Grigory"]
[Black "Rodriguez Vila, Andres"]
[Result "1/2-1/2"]
[WhiteElo "2541"]
[BlackElo "2500"]
[PlyCount "34"]
[EventDate "1999.08.??"]
[EventType "swiss"]
[EventRounds "9"]
[EventCountry "USA"]
[SourceTitle "EXT 2003"]
[Source "ChessBase"]
[SourceDate "2002.11.25"]
[SourceVersion "1"]
[SourceVersionDate "2002.11.25"]
[SourceQuality "1"]

1. c4 c5 2. Nf3 Nc6 3. d4 cxd4 4. Nxd4 Nf6 5. Nc3 e6 6. g3 Qb6 7. Ndb5 Bc5 8.
Bg2 Ne5 9. O-O Nxc4 10. Qa4 a6 11. Qxc4 axb5 12. Qxb5 Qxb5 13. Nxb5 Ke7 14. Bd2
d6 15. b4 Bb6 16. a4 d5 17. a5 Bd7 1/2-1/2

[Event "ARG-chT"]
[Site "Argentina"]
[Date "2000.??.??"]
[Round "2"]
[White "Rodriguez Vila, Andres"]
[Black "Reides, Marcelo"]
[Result "1-0"]
[WhiteElo "2492"]
[BlackElo "2350"]
[PlyCount "66"]
[EventDate "2000.??.??"]
[EventType "team"]
[EventRounds "7"]
[EventCountry "ARG"]
[SourceTitle "EXT 2001"]
[Source "ChessBase"]
[SourceDate "2000.11.22"]
[SourceVersion "1"]
[SourceVersionDate "2000.11.22"]
[SourceQuality "1"]

1. e4 c6 2. d4 g6 3. f4 d5 4. e5 h5 5. Nf3 Bg4 6. Bd3 Nh6 7. c3 e6 8. O-O Be7
9. a4 Nf5 10. a5 b5 11. axb6 Qxb6 12. b4 Bxf3 13. Qxf3 Bxb4 14. Bxf5 gxf5 15.
Qg3 Bf8 16. Ba3 Nd7 17. Bxf8 Kxf8 18. Nd2 a5 19. Rfb1 Qa6 20. c4 Rh6 21. Qg5
Rg6 22. Qxh5 dxc4 23. Qh8+ Rg8 24. Qh6+ Ke8 25. Qh7 Rg6 26. Nf3 Nf8 27. Qh3 a4
28. Ng5 a3 29. Ra2 Nd7 30. Qh7 Rxg5 31. fxg5 Qa7 32. Qh8+ Nf8 33. Qh4 Rd8 1-0